000 00308nam a22001337a 4500
008 170131b xxu||||| |||| 00| 0 eng d
020 _a9780815124498
041 _aeng
080 _22ND
_a61
100 _a3
101 _aSHMI
245 _aPRACTICAL AMBULATORY GERIATRICS
_cYOSHIKOWA, TH.T
942 _2udc
_cBK
999 _c4053
_d4053